000 00836nam a2200241Ia 4500
003 OSt
005 20220923220957.0
006 a|||||r|||| 00| 0
007 ta
008 220922b |||||||| |||| 00| 0 hin d
024 _a193,157
037 _cTextual
040 _aARTS
_cARTS
_bhin
041 _2hin
_ahin
082 _aV2:25xM69:g, 152L3
100 _aसिंह, रामजी
245 0 _aगॉधी दर्शन मीमांसा, संपा हरिमोहन झा
246 _aGaॉdhī darshan mīmāansā, sanpā0 harimohan zā
260 _aपटना
_b बिहार हिन्दी ग्रंथ अकादमी
_c1973
300 _a288पृ.
_ccm.
942 _hV2:25xM69:g, 152L3
_cTEXL
_2CC
999 _c345648
_d345648